000 00427nam a2200181Ia 4500
005 20240823055138.0
008 240823s9999||||xx |||||||||||||| ||und||
041 _aENGLISH
082 _A810.9 Q7
100 _aReuben Post Halleck
245 0 _aHistory of American Literature
250 _a1st
260 _c2017
_bMJP Publi
500 _aYES
650 _aAmerican Literature
_bEnglish
942 _cBK
999 _c228095
_d228095